000 00630nam a22001937a 4500
999 _c189117
_d189117
005 20220620124139.0
010 _aUR-11586
020 _c100.00
035 _aU-10141
037 _bDBAD/PUB
_a-
082 _a270
100 _aمحمد قا سم صا حب
245 _aانتبا ہ المو منین /
_cمحمد قا سم صا حب
_hا ر د و
246 _aIntebah-e- Almomineen /
_bby Mohammed Qasim Sahab
260 _aDeoband
_bSheikh-Al-hind Academy
_c2021 ء
270 _aDarul Uloom, Zila Saharanpur, U.P.
_bDeoband
_e247554
300 _a118 ص
_c22cm(pbk)
942 _2ddc
_cUR
_h270
_mم ح م